| 000 | 00950cam a2200301 a 4500 | ||
|---|---|---|---|
| 005 | 20260322212003.0 | ||
| 008 | data | ||
| 010 | _a 87032424 | ||
| 020 | _a0395441781 | ||
| 020 | _a9780395441787 | ||
| 040 |
_aDLC _cDLC _dDLC |
||
| 043 | _an-us--- | ||
| 050 | 0 | 0 |
_aHQ734 _b.M435 1988 |
| 082 | 0 | 0 |
_a646.7/8 _219 |
| 092 | _a646.7 M435 1988 | ||
| 100 | 1 | _aMatthews, Arlene Modica. | |
| 245 | 1 | 0 |
_aWhy did I marry you, anyway? : _bgood sense and good humor in the first year- and after / _cArlene Modica Matthews. |
| 260 |
_aBoston : _bHoughton Mifflin, _c1988. |
||
| 300 |
_axviii, 242 p. ; _c22 cm. |
||
| 500 | _a"A Peter Davison book." | ||
| 504 | _aBibliography: p. [239]-242. | ||
| 650 | 0 |
_aMarriage _zUnited States. |
|
| 650 | 0 |
_aCommunication in marriage _zUnited States. |
|
| 650 | 0 | _aInterpersonal relations. | |
| 906 |
_a7 _bcbc _corignew _d1 _eocip _f19 _gy-gencatlg |
||
| 991 |
_bc-GenColl _hHQ734 _i.M435 1988 _tCopy 1 _wBOOKS |
||
| 001 | data | ||
| 999 |
_c30 _d30 |
||